Guess the 2024 kdramas(2) - Statistics

General Stats
  • This quiz has been taken 158 times
  • The average score is 5 of 15
Answer Stats
Picture Answer % Correct
Squid game 2
82%
Sweet home 3
71%
Hierarchy
63%
Pyramid game
62%
The frog
58%
No gain, no love
40%
Face me
30%
Gangnam B-side
25%
Cinderella at 2 am
20%
Dreaming of a freaking fairytale
17%
Love in the big city
17%
Love your enemy
17%
Dear Hyeri
16%
Spice up our love
14%
Family matters/Family plan
12%
No matching quizzes found
Score Distribution
Percent of People with Each Score
Percentile by Number Answered
Your Score History
You have not taken this quiz